Statistics for Around the World in 80 Days- Cities

Click here to take the quiz!

General Stats

  • This quiz has been taken 150 times
  • The average score is 9 of 15

Answer Stats

Prestent day CountryCity% Correct
United KingdomLondon
100%
United KingdomLondon
100%
FranceParis
94%
United StatesNew York
84%
SingaporeSingapore
83%
IndiaBombay
81%
ChinaHong Kong
70%
IndiaCalcutta
67%
United StatesSan Francisco
65%
United KingdomLiverpool
44%
JapanYokohama
39%
EgyptSuez
30%
United StatesOmaha
13%
ItalyBrindisi
10%
IndiaAllahabad
9%

Score Distribution

Percentile by Number Answered

Percent of People with Each Score

Your Score History

You have not taken this quiz